00701nam a22001097a 4500040000800000082002700008100001600035245040100051260002600452300002600478856008700504 cRUA aAGR HEA 2012 B053 Or.1 aHEA, VUTHY. aeffects of herbiside on ir 66 rice variety in dry season at the royal university of agriculture ( ឥទ្ធិពថ្នាំសម្លាប់ស្មៅចង្រៃលើពូជស្រូវអ៊ីអ៊ែរ ៦៦ ក្នុងលក្ខខណ្ឌរដូវប្រាំង នៅសាកលវិទ្យាល័យភូមិន្ទកសិកម្ម) aPhnom PenhbRUAc2012 axi, 58p.bill.c29cm. uhttps://drive.google.com/file/d/17Csf03ua7vYaLMQFX5HujGrxdj_I_iA4/view?usp=sharing